Fourier series, transforms and their applications (Record no. 543838)
[ view plain ]
| 000 -LEADER | |
|---|---|
| fixed length control field | 00441nam a22001337a 4500 |
| 082 ## - DEWEY DECIMAL CLASSIFICATION NUMBER | |
| Classification number | 515.723 |
| Author Mark | MIT |
| -- | L-38, P-35 |
| 100 ## - MAIN ENTRY--PERSONAL NAME | |
| Personal name | Mittal, P.K |
| 9 (RLIN) | 39335 |
| 245 ## - TITLE STATEMENT | |
| Title | Fourier series, transforms and their applications |
| Statement of responsibility, etc. | P.K, Mittal |
| 260 ## - PUBLICATION, DISTRIBUTION, ETC. | |
| Place of publication, distribution, etc. | New Delhi |
| Name of publisher, distributor, etc. | Published by Ashok Gosain for Har- Anand publications |
| Date of publication, distribution, etc. | C 1965. |
| 300 ## - PHYSICAL DESCRIPTION | |
| Extent | 173 P. : |
| Other physical details | ill. ; |
| Dimensions | 20 cm |
| 526 ## - STUDY PROGRAM INFORMATION NOTE | |
| Program name | 0 |
| Interest level | 0 |
| Reading level | 0 |
| Title point value | 515_723000000000000_MIT |
| 650 ## - SUBJECT ADDED ENTRY--TOPICAL TERM | |
| Topical term or geographic name entry element | MCE |
| 9 (RLIN) | 379 |
| 942 ## - ADDED ENTRY ELEMENTS (KOHA) | |
| Source of classification or shelving scheme | |
| Koha item type | Book |
| Withdrawn status | Lost status | Source of classification or shelving scheme | Damaged status | Not for loan | Permanent Location | Current Location | Date acquired | Total Checkouts | Full call number | Barcode | Date last seen | Price effective from | Koha item type |
|---|---|---|---|---|---|---|---|---|---|---|---|---|---|
| Military College of Engineering (MCE) | Military College of Engineering (MCE) | 04/03/2014 | 515.723 MIT | MCE-29606 | 04/03/2014 | 04/03/2014 | Book |
